Practice in structure and usage: fifty exercises
Saved in:
| Hovedforfatter: | |
|---|---|
| Format: | Bog |
| Sprog: | engelsk |
| Udgivet: |
Londres
Longman
1976
|
| Fag: | |
| Tags: |
Tilføj Tag
Ingen Tags, Vær først til at tagge denne postø!
|
MARC
| LEADER | 00000nam a2200000 a 4500 | ||
|---|---|---|---|
| 001 | UCQ3245 | ||
| 003 | CL-VaPUC | ||
| 008 | 980817e19760000UK |||||||||||||||||eng|d | ||
| 082 | 0 | 4 | |a 428.07 |b WAR |2 21 |
| 100 | 0 | |a Ward, John Millington |e author |9 417289 | |
| 245 | 1 | 0 | |a Practice in structure and usage: fifty exercises |
| 300 | |a 44 p | ||
| 942 | |c BK | ||
| 945 | |d 19980817 00:00:00 |a crobeson | ||
| 260 | |a Londres |b Longman |c 1976 | ||
| 650 | 0 | |a Inglés |9 260023 | |
| 650 | 0 | |a Enseñanza de idiomas |9 339820 | |
| 650 | 0 | |a Métodos de enseñanza |9 270413 | |
| 650 | 7 | |a LECCIONES |2 CL-VaPUC |9 351131 | |
| 650 | 0 | |a Educación lingüística |9 306506 | |
| 583 | |a last modification |c 19980817 00:00:00 |k Rodrigo Vera | ||
| 999 | |c 273842 |d 273840 | ||
| 952 | |0 0 |1 0 |4 0 |6 428_070000000000000_WAR_1976 |7 0 |8 A |9 309748 |a BIBEDU |b BIBEDU |d 2019-11-20 |i 1454277 |o 428.07 WAR 1976 |p 1454277 |r 2019-11-20 |w 2019-11-20 |y BK |k LIT | ||
| 952 | |0 0 |1 0 |4 0 |6 428_070000000000000_WAR_1976 |7 0 |8 A |9 309749 |a BIBEDU |b BIBEDU |d 2019-11-20 |i 1454285 |o 428.07 WAR 1976 |p 1454285 |r 2019-11-20 |w 2019-11-20 |y BK |k LIT | ||
| 952 | |0 0 |1 0 |4 0 |6 428_070000000000000_WAR_1976 |7 0 |8 A |9 309750 |a BIBEDU |b BIBEDU |d 2019-11-20 |i 1454293 |o 428.07 WAR 1976 |p 1454293 |r 2019-11-20 |w 2019-11-20 |y BK |k LIT | ||